banner koha

Estimacao e analise da funcao consumo para o Brasil, no periodo de 1947 a 1977 [demanda, renda, planejamento economico] (Registro n. 111536)

MARC details
000 -LÍDER
campo de controle de tamanho fixo 00987nas a2200289 4500
001 - NÚMERO DE CONTROLE
campo de controle BR8300981
003 - IDENTIFICADOR DO NÚMERO DE CONTROLE
campo de controle BR-BrBNA
005 - DATA E HORÁRIO DA ÚLTIMA TRANSAÇÃO
campo de controle 20231205085443.0
007 - CAMPO FIXO DE DESCRIÇÃO FÍSICA--INFORMAÇÃO GERAL
campo de controle de tamanho fixo ta
008 - CAMPO DE DADOS FIXOS--INFORMAÇÃO GERAL
campo de controle de tamanho fixo 230509b bl.|||p| |||| 00| 00por d
040 ## - FONTE DA CATALOGAÇÃO
Instituição da catalogação original BR-BrBNA
Idioma da catalogação por
Instituição que transcreveu o registro Biblioteca Nacional de Agricultura
041 ## - CÓDIGO DE IDIOMA
Código do idioma do texto/trilha sonora ou título diferente (Pt)
072 ## - CÓDIGO DE CATEGORIA DE ASSUNTO
Código de Categoria de Assunto E10
100 1# - ENTRADA PRINCIPAL--NOME PESSOAL
Nome pessoal Silva, A.E.S. da
100 1# - ENTRADA PRINCIPAL--NOME PESSOAL
Nome pessoal Botelho, F.
100 1# - ENTRADA PRINCIPAL--NOME PESSOAL
Nome pessoal Silva, J.M.A. da
245 1# - TÍTULO
Título Estimacao e analise da funcao consumo para o Brasil, no periodo de 1947 a 1977 [demanda, renda, planejamento economico]
246 1# - FORMA VARIANTE DO TÍTULO
Título/título abreviado [Estimation and analysis of the consumption function for Brazil, in the period 1947 to 1977 [demand, income, economical planning]]
650 ## - ASSUNTO--TERMO TÓPICO
Cabeçalho tópico ou nome geográfico PLANEJAMENTO ECONOMICO
650 ## - ASSUNTO--TERMO TÓPICO
Cabeçalho tópico ou nome geográfico CONSUMO
650 ## - ASSUNTO--TERMO TÓPICO
Cabeçalho tópico ou nome geográfico DEMANDA
650 ## - ASSUNTO--TERMO TÓPICO
Cabeçalho tópico ou nome geográfico RENDA
650 ## - ASSUNTO--TERMO TÓPICO
Cabeçalho tópico ou nome geográfico ANALISE ECONOMICA
773 0# - ENTRADA ANALÍTICA
Título Seiva (Brazil)
ISSN - International Standard Serial Number ISSN 0037-1122
Partes relacionadas (Jul 1982), v. 42(91) p. 59-71
Número de controle do registro BR8300981
909 ## -
-- 202311
-- Lúcia
-- 55
-- Lúcia Elande
942 ## - ELEMENTOS DE ENTRADA ADICIONADOS (KOHA)
Fonte da classificação ou esquema de arquivamento na estante Classificação AGRIS
Ocultar no OPAC Não
Tipo de material Koha Analítica
Exemplares
Situação do descarte Fonte da classificação ou esquema de arquivamento na estante Situação física Não pode ser emprestado Biblioteca de origem Biblioteca atual Localização na estante Enumeração do periódico / cronologia Total de empréstimos Data de último acesso Número do exemplar Tipo de material Koha Fonte de aquisição
  Classificação AGRIS   Consulta local Biblioteca Nacional de Agricultura - Binagri Biblioteca Nacional de Agricultura - Binagri   (Jul 1982), v. 42(91) p. 59-71   29/11/2023 01 Periódicos Portaria Interministerial nº 164/94

BINAGRI

Telefone: (61)3218-2567/2388/3357/2097 - binagri@agro.gov.br

Ministério da Agricultura e Pecuária , Esplanada dos Ministérios, Bloco D, Anexo B, Brasília/DF, CEP: 70.043-900